000 00401nam a2200157Ia 4500
008 231217s9999 xx 000 0 und d
041 _aEnglish
082 _a658 DUB;1 R
100 _aDubrin, Andrew, J Weihrich, Heinz
245 0 _aEssentials of management
250 _a6th ed.
260 _c2003
_bWadsworth/Thomson Learning
300 _axxiii+517
650 _aManagement
942 _cAA
999 _c169728
_d169728